México en el tiempo (Record no. 3654)

MARC details
000 -CABECERA
campo de control de longitud fija 00710nam a2200229 a 4500
001 - NÚMERO DE CONTROL
campo de control BRCA_3927
005 - FECHA Y HORA DE LA ÚLTIMA TRANSACCIÓN
campo de control 20190320204458.0
008 - DATOS DE LONGITUD FIJA--INFORMACIÓN GENERAL
campo de control de longitud fija 100110s1945----mx-a######---#000-0#spa-#
041 ## - CÓDIGO DE LENGUA
Código de lengua del texto/banda sonora o título independiente spa
044 ## - CÓDIGO DEL PAÍS DE LA ENTIDAD EDITORA/PRODUCTORA
Código MARC del país mx
050 #4 - SIGNATURA TOPOGRÁFICA DE LA BIBLIOTECA DEL CONGRESO
Número de clasificación F1386
Número de documento/Ítem .M49 1945
245 10 - MENCIÓN DE TÍTULO
Título México en el tiempo
Resto del título fisonomía de una ciudad
Mención de responsabilidad, etc. editado por Roberto Olavarria.
260 ## - PUBLICACIÓN, DISTRIBUCIÓN, ETC.
Lugar de publicación, distribución, etc. México
Nombre del editor, distribuidor, etc. Talls. de Excelsior
Fecha de publicación, distribución, etc. 1945
300 ## - DESCRIPCIÓN FÍSICA
Extensión 302 p.
Otras características físicas il.
Dimensiones 29 cm.
500 ## - NOTA GENERAL
Nota general Incluye índice de materias : p. 302 e índice alfabético : p. 300-301.
500 ## - NOTA GENERAL
Nota general C77
651 #4 - PUNTO DE ACCESO ADICIONAL DE MATERIA--NOMBRE GEOGRÁFICO
Nombre geográfico México (Ciudad)
Subdivisión general Descripción
9 (RLIN) 6858
651 #4 - PUNTO DE ACCESO ADICIONAL DE MATERIA--NOMBRE GEOGRÁFICO
Nombre geográfico México
Subdivisión de forma (Ciudad)
Subdivisión general Historia
9 (RLIN) 10216
700 1# - PUNTO DE ACCESO ADICIONAL--NOMBRE DE PERSONA
Nombre de persona Olavarria, Roberto.
9 (RLIN) 10217
902 ## - CATALOGADOR
Iniciales GFM
942 ## - ELEMENTOS DE PUNTO DE ACCESO ADICIONAL (KOHA)
Fuente del sistema de clasificación o colocación Library of Congress Classification
Tipo de ítem Koha Libros
Holdings
Estado de retiro Estado de pérdida Estado dañado No para préstamo Localización permanente Ubicación/localización actual Fecha de adquisición Número de inventario Total de préstamos Signatura topográfica completa Código de barras Fecha visto por última vez Precio válido a partir de Tipo de ítem Koha
El ejemplar forma parte de la colección y puede ser consultado según las políticas vigentes.       Biblioteca del Museo Franz Mayer (Rogerio Casas-Alatriste) Biblioteca del Museo Franz Mayer (Rogerio Casas-Alatriste) 10/01/2010 C77   F1386 .M49 1945 (C77) 3924 22/03/2019 22/03/2019 Libros